| 000 | 00639nam a22001937a 4500 | ||
|---|---|---|---|
| 003 | AR-RoIUNI | ||
| 005 | 20241122062726.0 | ||
| 008 | 181129b xxu||||| |||| 00| 0 spa d | ||
| 040 | _cIUNIR | ||
| 080 | _a618 STE | ||
| 100 | 1 |
_9424 _aStenchever, Morton A. |
|
| 245 | 1 |
_aAtlas de Ginecología Clínica _bEndocrinología reproductiva _ceditor de la serie: Morton A. Stenchever ; Editor del volumen: Daniel R. Mishell,Jr |
|
| 260 |
_aBuenos Aires _bAP Americana de Publicaciones _cc1999 |
||
| 300 |
_apag. var. _c31 cm. |
||
| 650 | 1 | 0 |
_aMedicina _958 |
| 650 | 1 | 0 |
_9100 _aGinecología |
| 700 | 1 |
_9425 _aMishell, Daniel R.,Jr |
|
| 942 |
_2cdu _cBK |
||
| 999 |
_c4154 _d4154 |
||